SUPREME COURT CRIMINAL APPEAL NO. 19/85 FRANCIS PANKRAS MLOBERER VS UGANDA (Record no. 8723)
[ view plain ]
| 000 -LEADER | |
|---|---|
| fixed length control field | 00445nam a22001097a 4500 |
| 008 - FIXED-LENGTH DATA ELEMENTS--GENERAL INFORMATION | |
| fixed length control field | 190717b xxu||||| |||| 00| 0 eng d |
| 010 ## - LIBRARY OF CONGRESS CONTROL NUMBER | |
| LC control number | SCCAF:27 |
| 245 ## - TITLE STATEMENT | |
| Title | SUPREME COURT CRIMINAL APPEAL NO. 19/85 FRANCIS PANKRAS MLOBERER VS UGANDA |
| 260 ## - PUBLICATION, DISTRIBUTION, ETC. (IMPRINT) | |
| Place of publication, distribution, etc | MENGO |
| Date of publication, distribution, etc | 1989 |
| 500 ## - GENERAL NOTE | |
| General note | CORAM:WAMBUZI, C.J., ODER, J.S.C., PLATT,J.S.C) |
| 500 ## - GENERAL NOTE | |
| General note | (APPEAL FROM THE DECISION OF THE HIGH COURT OF UGANDA AT KAMPALA (MR. JUSTICE S.T. MANYINDO DATED 31ST MAY 1985) |
| Withdrawn status | Lost status | Source of classification or shelving scheme | Damaged status | Koha normalized classification for sorting | Not for loan | Location (home branch) | Sublocation or collection (holding branch) | Shelving location | Date acquired | Koha issues (times borrowed) | Koha full call number | Piece designation (barcode) | Koha date last seen | Price effective from | Koha item type | Public note |
|---|---|---|---|---|---|---|---|---|---|---|---|---|---|---|---|---|
| Dewey Decimal Classification | SCCAF_27 | Law Development Centre Main Library | Law Development Centre Main Library | Law Reports | 07/17/2019 | SCCAF:27 | 562/2019 | 07/17/2019 | 07/17/2019 | Un Reported Cases | JUDGEMENT WAS ENTERED ON 27TH OF JULY 1989 |
